LEADER 02919 am 2200565 n 450 001 9910496026803321 005 20200130 010 $a979-1-03-510387-3 024 7 $a10.4000/books.psorbonne.48388 035 $a(CKB)5590000000429688 035 $a(FrMaCLE)OB-psorbonne-48388 035 $a(oapen)https://directory.doabooks.org/handle/20.500.12854/85919 035 $a(PPN)267969910 035 $a(EXLCZ)995590000000429688 100 $a20201209j|||||||| ||| 0 101 0 $afre 135 $auu||||||m|||| 181 $ctxt$2rdacontent 182 $cc$2rdamedia 183 $acr$2rdacarrier 200 14$aLes avatars du non-alignement $eL?Inde et les politiques d?aide américaine et soviétique de l?indépendance à la conférence de Tachkent (1947-1966) /$fGilles Boquérat 210 $aParis $cÉditions de la Sorbonne$d2020 215 $a1 online resource (298 p.) 225 1 $aInternationale 311 $a2-85944-312-6 330 $aEn axant la politique extérieure sur le non-alignement et en optant pour un développement autocentré qui traduisait une grande méfiance à l?égard du capital étranger, l?Inde de Nehru laissa clairement entendre une volonté de s?affranchir des interventions extérieures quant à la déter­mination de ses orientations politiques. Un nationalisme ombrageux qui dut s?accommoder d?un recours croissant à l?aide étrangère, nécessité par des difficultés économiques ou des besoins militaires. L?évocation des motivations qui animèrent les États-Unis et l?Union Soviétique dans leurs politiques d?aide à un pays dont l?importance géo­stratégique, les ressources humaines et naturelles représentaient un enjeu important de la guerre froide, et les réactions que ces motivations suscitèrent en Inde, figurent au centre de cette étude et permettent de cerner les facteurs sur lesquels les dirigeants indiens s?appuyèrent pour endiguer les menaces pesant sur l?indépendance nationale. 606 $aEconomic assistance, American$zIndia 606 $aEconomic assistance, Soviet$zIndia 606 $aNonalignment$zIndia 607 $aIndia$xForeign economic relations$zUnited States 607 $aIndia$xForeign economic relations$zSoviet Union 607 $aIndia$xForeign relations$y1947-1984 610 $anon-alignement 610 $anationalisme 610 $aaide étrangère 610 $aindépendance nationale 610 $aenjeu politique 610 $amodèle soviétique 610 $aimpérialisme 610 $aostracisme 615 0$aEconomic assistance, American 615 0$aEconomic assistance, Soviet 615 0$aNonalignment 676 $a338.91/47054/09045 700 $aBoquérat$b Gilles$0253621 801 0$bFR-FrMaCLE 906 $aBOOK 912 $a9910496026803321 996 $aLes avatars du non-alignement$92861837 997 $aUNINA LEADER 03228nam 2200673Ia 450 001 9910777626603321 005 20230421045104.0 010 $a0-19-772655-0 010 $a0-19-983928-X 010 $a1-280-52778-1 010 $a0-19-802419-3 010 $a1-4294-0607-0 035 $a(CKB)1000000000465851 035 $a(EBL)273279 035 $a(OCoLC)437173432 035 $a(SSID)ssj0000258410 035 $a(PQKBManifestationID)11203741 035 $a(PQKBTitleCode)TC0000258410 035 $a(PQKBWorkID)10254840 035 $a(PQKB)10902562 035 $a(SSID)ssj0000366716 035 $a(PQKBManifestationID)12119641 035 $a(PQKBTitleCode)TC0000366716 035 $a(PQKBWorkID)10418019 035 $a(PQKB)11512915 035 $a(MiAaPQ)EBC273279 035 $a(EXLCZ)991000000000465851 100 $a19930317d1994 uy 0 101 0 $aeng 135 $aur|n|---||||| 181 $ctxt 182 $cc 183 $acr 200 10$aThere's no such thing as free speech, and it's a good thing, too$b[electronic resource] /$fStanley Fish 210 $aNew York $cOxford University Press$d1994 215 $a1 online resource (345 p.) 300 $aIncludes bibliographical references (p. 309-317) and index. 311 $a0-19-508018-1 311 $a0-19-509383-6 327 $aContents; 1. Introduction: ""That's Not Fair""; 2. The Common Touch, or, One Size Fits All; Preface to Chapters 3 through 7; 3. The Empire Strikes Back; 4. Reverse Racism, or, How the Pot Got to Call the Kettle Black; 5. You Can Only Fight Discrimination with Discrimination; 6. Bad Company; 7. Speaking in Code, or, How to Turn Bigotry and Ignorance into Moral Principles; 8. There's No Such Thing as Free Speech, and It's a Good Thing, Too; 9. Jerry Falwell's Mother, or, What's the Harm?; 10. Liberalism Doesn't Exist; 11. The Law Wishes to Have a Formal Existence 327 $a12. Play of Surfaces: Theory and the Law13. Almost Pragmatism: The Jurisprudence of Richard Posner, Richard Rorty, and Ronald Dworkin; 14. Being Interdisciplinary Is So Very Hard to Do; 15. The Young and the Restless; 16. Milton's Career and the Career of Theory; 17. Milton, Thou Shouldst Be Living at This Hour; 18. The Unbearable Ugliness of Volvos; Appendix. Fish Tales: A Conversation with ""The Contemporary Sophist""; Notes; Index; A; B; C; D; E; F; G; H; I; J; K; L; M; N; O; P; Q; R; S; T; U; V; W; Y 330 $aContains the author's investigations of issues in literary and legal theory, offering insights into diverse matters ranging from politics and education to literature and culture. 606 $aFreedom of speech 606 $aFreedom of speech$zUnited States 606 $aAcademic freedom 606 $aAcademic freedom$zUnited States 615 0$aFreedom of speech. 615 0$aFreedom of speech 615 0$aAcademic freedom. 615 0$aAcademic freedom 676 $a323.4430973 700 $aFish$b Stanley Eugene$0221570 801 0$bMiAaPQ 801 1$bMiAaPQ 801 2$bMiAaPQ 906 $aBOOK 912 $a9910777626603321 996 $aThere's no such thing as free speech, and it's a good thing, too$93866349 997 $aUNINA